000 00433nam a2200181Ia 4500
001 20196
005 20260306172748.0
008 260306t2016||||xx |||||||||||||| ||spa||
041 _aESP
082 _a343
_bC17
100 _aCalvo González, José
_eAUT
245 0 _aJusticia constitucional y literatura
260 _c2016
300 _a99 páginas :
_c23 cm.
650 _aGEN
654 _aCDE
942 _cLIB
_dJUS
_fJUS
_2ddc
_n
999 _c20196
_d20196